000 01529nam a2200217Ia 4500
001 17951
003 GE_BSU
008 181216s||||||||xx |||||||||||||| ||und||
040 _cGE_BSU
100 _aფენრიხი, ჰაინც
245 _aენათა გენეტიკური ნათესაობის დასაბუთების კრიტერიუმები და ადრინდელი საერთო-ქართველური ფუძეენის ძირეულ მორფემათა სტრუქტურის ზოგიერთი საკითხი.
245 _cრედ. შ.ძიძიგური
260 _aთბილისი
260 _bთბილ. უნ-ტის გამ-ბა
260 _c1978
300 _a137გვ. ; 21სმ.
300 _eლიტ. სია: გვ. 125-134 (165 დასახ.). - შენიშვნები: გვ. 114-124.
653 _aენათა გენეტიკური ნათესაობა; ქართველური ენები
653 _aენათა გენეტიკური ნათესაობის დასაბუთების კრიტერიუმები და ადრინდელი საერთო-ქართველური ფუძეენის ძირეულ მორფემათა სტრუქტურის ზოგიერთი საკითხი
942 _cBK
999 _c50994
_d50994